000 00731nam a2200205Ia 4500
003 GCL
008 140319s9999 xx 000 0 ara d
040 _aGCL /
_cGCL
082 0 4 _a953.09
_bم م
100 1 _aمحمد حرب(تقديم وترجمة)
245 1 0 _aمذكرات السلطان عبد الحميد /
_cمحمد حرب(تقديم وترجمة)
300 _a318
490 _a100 قصة
_v0
650 0 4 _aالتراجم الذاتية
650 0 4 _aالامبراطورية العثمانية
650 0 4 _aالعالم العربى - تاريخ - العصر العثمانى
650 0 4 _aالسلطان عبدالحميد الثانى
650 0 4 _aالعالم العربى - تاريخ
942 _2ddc
_cBK
999 _c46685
_d46685